2023 Formula One Circuits - Statistics

General Stats
  • This quiz has been taken 130 times
  • The average score is 19 of 24
Answer Stats
Date Circuit % Correct
November 18 Las Vegas Street Circuit
94%
November 26 Yas Marina Circuit
94%
September 3 Autodromo Nazionale di Monza
91%
May 7 Miami International Autodrome
91%
April 2 Albert Park Circuit
89%
July 9 Silverstone Circuit
89%
July 30 Circuit de Spa-Francorchamps
88%
May 21 Autodromo Internazionale Enzo e Dino Ferrari
86%
March 19 Jeddah Corniche Circuit
86%
May 28 Circuit de Monaco
85%
October 22 Circuit of the Americas
85%
September 24 Suzuka International Racing Course
84%
September 17 Marina Bay Street Circuit
83%
November 5 Autódromo José Carlos Pace
82%
June 4 Circuit de Barcelona-Catalunya
81%
July 2 Red Bull Ring
79%
April 30 Baku City Circuit
77%
August 27 Circuit Zandvoort
77%
July 23 Hungaroring
77%
October 29 Autódromo Hermanos Rodríguez
72%
March 5 Bahrain International Circuit
72%
June 18 Circuit Gilles Villeneuve
72%
April 16 Shanghai International Circuit
57%
October 8 Lusail International Circuit
50%
No matching quizzes found
Score Distribution
Percent of People with Each Score
Percentile by Number Answered
Your Score History
You have not taken this quiz